| 000 | 00464nam a2200181Ia 4500 | ||
|---|---|---|---|
| 008 | 151202s9999||||xx |||||||||||||| ||und|| | ||
| 082 | _bPNVM-21948 | ||
| 100 | _aDAS (N.). | ||
| 245 | _aINDUSTRIAL ENTERPRISE IN INDIA. | ||
| 260 | _b"ORIENT ZONGMAN,BOMBAY." | ||
| 260 | _c1962 | ||
| 300 | _a253 | ||
| 600 | _aDAS (N.). | ||
| 630 | _aINDUSTRIAL ENTERPRISE IN INDIA. | ||
| 700 | _aDAS (N.). | ||
| 730 | _aINDUSTRIAL ENTERPRISE IN INDIA. | ||
| 942 | _cBOOK | ||
| 999 |
_c1287923 _d1287920 |
||